000 00503nam a22001697a 4500
999 _c160878
_d160878
005 20190214172316.0
010 _aA-949860
020 _a818505448
_c50.00
035 _aA-949860
037 _bThe international board of yoga
082 _a613.7046
100 _aYogendra, Hansaji Jayadeva
245 _aGrowing with yoga /
_cHansaji Jayadeva Yogendra
260 _aMumbai
_bThe international board of yoga
_c1997
300 _a104p.
_c22cm(pbk)
942 _2ddc
_cEN
_h613.7046
_mHAN